<?xml version="1.0" encoding="UTF-8"?>
<record
    xmlns:xsi="http://www.w3.org/2001/XMLSchema-instance"
    xsi:schemaLocation="http://www.loc.gov/MARC21/slim http://www.loc.gov/standards/marcxml/schema/MARC21slim.xsd"
    xmlns="http://www.loc.gov/MARC21/slim">

  <leader>00812nam a22002297a 4500</leader>
  <controlfield tag="005">20170123162354.0</controlfield>
  <datafield tag="010" ind1=" " ind2=" ">
    <subfield code="a">A-442580</subfield>
  </datafield>
  <datafield tag="020" ind1=" " ind2=" ">
    <subfield code="c">25.00</subfield>
  </datafield>
  <datafield tag="035" ind1=" " ind2=" ">
    <subfield code="a">A-442580</subfield>
  </datafield>
  <datafield tag="037" ind1=" " ind2=" ">
    <subfield code="b">Cen Lib/Ret</subfield>
  </datafield>
  <datafield tag="040" ind1=" " ind2=" ">
    <subfield code="a">DPL</subfield>
    <subfield code="b">UR</subfield>
  </datafield>
  <datafield tag="082" ind1=" " ind2=" ">
    <subfield code="a">615.53</subfield>
    <subfield code="b">&#x646; &#x6D2; &#x634;  </subfield>
  </datafield>
  <datafield tag="100" ind1=" " ind2=" ">
    <subfield code="a">&#x646;&#x6CC;&#x634;&#x60C; &#x627;&#x6CC;. &#x628;&#x6CC; </subfield>
    <subfield code="9">137939</subfield>
  </datafield>
  <datafield tag="245" ind1=" " ind2=" ">
    <subfield code="a">/ &#x646;&#x6CC;&#x634; &#x644;&#x6CC;&#x688;&#x631; </subfield>
    <subfield code="c">&#x627;&#x6CC;. &#x628;&#x6CC; &#x646;&#x6CC;&#x634; [&#x627;&#x648;&#x631;] &#x645;&#x62A;&#x631;&#x62C;&#x645; &#x645;&#x62D;&#x645;&#x62F; &#x639;&#x631;&#x641;&#x627;&#x646;   </subfield>
  </datafield>
  <datafield tag="246" ind1=" " ind2=" ">
    <subfield code="a">Nish leader /</subfield>
    <subfield code="b">by E . B. Nish [and] translated by Mohammad Irfan</subfield>
  </datafield>
  <datafield tag="260" ind1=" " ind2=" ">
    <subfield code="a">&#x646;&#x6CC;&#x648; &#x62F;&#x6C1;&#x644;&#x6CC; </subfield>
    <subfield code="b">&#x628;&#x6CC;. &#x62C;&#x6CC;&#x646; &#x67E;&#x628;&#x644;&#x634;&#x631; </subfield>
    <subfield code="c">1960</subfield>
  </datafield>
  <datafield tag="270" ind1=" " ind2=" ">
    <subfield code="a">2652/55,&#x67E;&#x6C1;&#x644;&#x6CC; &#x645;&#x646;&#x632;&#x644;&#x60C; &#x6A9;&#x648;&#x686;&#x6C1; &#x686;&#x6CC;&#x646;&#x60C; &#x62F;&#x631;&#x6CC;&#x627; &#x6AF;&#x646;&#x62C;</subfield>
    <subfield code="b">&#x646;&#x6CC;&#x648; &#x62F;&#x6C1;&#x644;&#x6CC; </subfield>
  </datafield>
  <datafield tag="300" ind1=" " ind2=" ">
    <subfield code="a">440p.</subfield>
    <subfield code="c">20cm(Hb)</subfield>
  </datafield>
  <datafield tag="650" ind1=" " ind2=" ">
    <subfield code="a">&#x645;&#x6CC;&#x688;&#x6CC;&#x6A9;&#x644; &#x633;&#x627;&#x626;&#x646;&#x633; </subfield>
    <subfield code="9">646</subfield>
  </datafield>
  <datafield tag="650" ind1=" " ind2=" ">
    <subfield code="a">madical science</subfield>
    <subfield code="9">137940</subfield>
  </datafield>
  <datafield tag="942" ind1=" " ind2=" ">
    <subfield code="2">ddc</subfield>
    <subfield code="c">UR</subfield>
    <subfield code="h">615.53</subfield>
    <subfield code="m">&#x646; &#x6D2; &#x634;  </subfield>
  </datafield>
  <datafield tag="999" ind1=" " ind2=" ">
    <subfield code="c">109466</subfield>
    <subfield code="d">109466</subfield>
  </datafield>
  <datafield tag="952" ind1=" " ind2=" ">
    <subfield code="0">0</subfield>
    <subfield code="1">0</subfield>
    <subfield code="4">0</subfield>
    <subfield code="7">0</subfield>
    <subfield code="a">L</subfield>
    <subfield code="b">L</subfield>
    <subfield code="d">2016-03-12</subfield>
    <subfield code="e">Cen Lib/Ref</subfield>
    <subfield code="g">25.00</subfield>
    <subfield code="l">0</subfield>
    <subfield code="o">615.53 &#x646; &#x6D2; &#x634;</subfield>
    <subfield code="p">A-442580</subfield>
    <subfield code="r">2016-03-12 00:00:00</subfield>
    <subfield code="t">1</subfield>
    <subfield code="v">25.00</subfield>
    <subfield code="w">2016-03-12</subfield>
    <subfield code="y">UR</subfield>
  </datafield>
</record>
